[Event "Arco Christmas op 11th"]
[Site "Arco"]
[Date "2021.12.26"]
[Round "1"]
[White "Del Prato, Uberto"]
[Black "Ventura, Sergio"]
[Result "1-0"]
[WhiteElo "1882"]
[BlackElo "2076"]
[PlyCount "89"]
[EventDate "2021.12.26"]
[EventType "swiss"]
[EventRounds "7"]
[EventCountry "ITA"]
[SourceTitle "CBM 205 Extra"]
[Source "ChessBase"]
[SourceDate "2022.01.31"]
[SourceVersion "1"]
[SourceVersionDate "2022.01.31"]
[SourceQuality "1"]

1. e4 d6 2. d4 c6 3. Nf3 g6 4. Be2 Nd7 5. Be3 Ngf6 6. Nbd2 Qc7 7. h3 Bg7 8. 0-0 0-0 9. a4 Re8 10. c3 e5 11. dxe5 Nxe5 12. Nxe5 dxe5 13. Qc2 b6 14. Rfd1 Be6 15. a5 Red8 16. b4 Ne8 17. Bc4 Bxc4 18. Nxc4 b5 19. Nb2 Bf8 20. Nd3 Be7 21. Bc5 Bxc5 22. Nxc5 Qe7 23. Rxd8 Rxd8 24. Rd1 Rd6 25. Rd3 Nc7 26. Qd2 Rxd3 27. Qxd3 f6 28. Qd7 Qxd7 29. Nxd7 Kf7 30. Nb8 Ke8 31. g3 a6 32. f4 Ke7 33. fxe5 fxe5 34. Nxc6+ Kd6 35. Nd8 Kd7 36. Nf7 Ne8 37. Nxe5+ Ke6 38. Nd3 Nd6 39. Nc5+ Ke5 40. Nxa6 Nxe4 41. Nc7 Kd6 42. Nxb5+ Kc6 43. a6 Kb6 44. a7 Kb7 45. Kg2 1-0